| 000 | 00687nam a2200205 i 4500 | ||
|---|---|---|---|
| 001 | 116011 | ||
| 003 | ES-MaACL | ||
| 005 | 20231229062545.0 | ||
| 007 | t| | ||
| 008 | 061121s1955 sp r ||||1| spa d | ||
| 100 | 1 |
_aOvidio Nasón, Publio. _988013 |
|
| 245 | 1 | 0 |
_aArte de amar y Las metamorfosis / _cPublio Ovidio Nason ; traducción del latín, prólogo y notas por F.C.S de R. |
| 260 |
_aBarcelona : _bIberia, _c1955. |
||
| 300 |
_a323 p. ; _c19 cm. |
||
| 490 | 1 | _aColección obras maestras | |
| 700 | 1 |
_aSainz de Robles, Federico Carlos, _d1898-1982 _9101593 |
|
| 830 | 0 |
_aColección obras maestras _9180938 |
|
| 852 |
_aES-MaACL _jC-10543 _bR.38236 |
||
| 999 |
_c116011 _d116011 |
||